| 000 | 00724nam a2200181 i 4500 | ||
|---|---|---|---|
| 001 | 170130 | ||
| 003 | ES-MaACL | ||
| 005 | 20230906214308.0 | ||
| 008 | 090204s1991 fr |||| | fre d | ||
| 020 | _a2-86311-218-X | ||
| 080 | _a811.133.1'35 | ||
| 100 | 1 |
_aJacquenod, Raymond. _9139347 |
|
| 245 | 1 | 0 |
_aChampion d'orthographe _b: méthode totale permettant la réussite aux dictées les plus ardues ... suivie d'une discussion détaillée de la réforme de l'orthographe... / _cRaymond Jacquenod. |
| 260 |
_aParis : _bPierre Bordas & fils, _c1991. |
||
| 300 |
_a144 p. ; _c28 cm. |
||
| 650 | 4 |
_aLengua francesa- _xOrtografía. _914227 |
|
| 852 | 4 |
_aES-MaACL _jE-12411 _9R.140609 _z. - Biblioteca Jacinto Martínez Lacalle |
|
| 999 |
_c170130 _d170130 |
||